Derecho del trabajo y de la seguridad social /
Guardado en:
| Autor Principal: | |
|---|---|
| Formato: | Libro |
| Idioma: | Spanish |
| Publicado: |
Buenos Aires :
Astrea,
1999
|
| Edición: | 8º ed. act. y amp. |
| Etiquetas: |
Agregar Etiqueta
Sin Etiquetas, Sea el primero en etiquetar este registro!
|
| LEADER | 00465nam a22001455a 4500 | ||
|---|---|---|---|
| 001 | DER.der000508 | ||
| 005 | 20190603094600.0 | ||
| 008 | 180615s1999####ag#||||||||||||||#||spa|| | ||
| 020 | |a 950-508-110-3 | ||
| 100 | 1 | |a Vázquez Vialard, Antonio | |
| 245 | 1 | 0 | |a Derecho del trabajo y de la seguridad social / |c Antonio Vázquez Vialard |
| 250 | |a 8º ed. act. y amp. | ||
| 260 | |a Buenos Aires : |b Astrea, |c 1999 | ||
| 300 | |a 763 p. | ||
| 859 | |a DERECHO |b BIB. DERECHO |h 344.01 |i VAZ |k 24 D |p 000400 | ||
